000
00282nam a2200097Ia 4500
082
_a
658.11 FINA
245
0
_a
Finance in your own business
100
_a
PARKER, Eric Johannesburg, South Africa, 2011
_9
32793
942
_c
BK
008
210817s9999 xx 000 0 und d
999
_c
370935
_d
370934